[Event "chess.com SpeedChess 2023"]
[Site "chess.com INT"]
[Date "2023.09.12"]
[Round "1.12"]
[White "Gukesh, D"]
[Black "Vachier-Lagrave, Maxime"]
[Result "1/2-1/2"]
[WhiteTitle "GM"]
[BlackTitle "GM"]
[WhiteElo "2758"]
[BlackElo "2727"]
[WhiteFideId "46616543"]
[BlackFideId "623539"]
[EventDate "2023.09.04"]
[EventType "k.o."]

1. d4 Nf6 2. Nc3 d5 3. Bf4 c5 4. e3 cxd4 5. exd4 a6 6. Be2 Nc6 7. Nf3 Bg4 8. Ne5
Bxe2 9. Nxe2 e6 10. O-O Bd6 11. Re1 O-O 12. c3 Bxe5 13. dxe5 Ne4 14. Nd4 Rc8 15.
Re3 Qh4 16. g3 Qe7 17. Re2 f6 18. exf6 Qxf6 19. Nxc6 bxc6 20. Qd4 Qg6 21. Be3 c5
22. Qa4 e5 23. Rd1 d4 24. Bc1 Rf3 25. Qc4+ Kh8 26. Qd5 Nxf2 27. Qxf3 Nxd1 28.
Rxe5 Qc2 29. Rxc5 Re8 30. Re5 Rg8 31. Bh6 Qg6 32. Bf4 dxc3 33. bxc3 Nb2 34. Rd5
Nc4 35. h4 Qb1+ 36. Rd1 Qxa2 37. h5 h6 38. Bxh6 Qc2 39. Bf4 Nb2 40. Rd2 Qb1+ 41.
Kh2 Nc4 42. Re2 Qf5 43. h6 Kh7 44. Kg2 gxh6 45. Qc6 Qxf4 46. Re7+ Kh8 47. Kh1
Qf1+ 48. Kh2 Qf2+ 49. Kh1 Qf1+ 50. Kh2 Qf2+ 51. Kh1 Qf1+ 1/2-1/2

[Event "chess.com SpeedChess 2023"]
[Site "chess.com INT"]
[Date "2023.09.12"]
[Round "1.13"]
[White "Vachier-Lagrave, Maxime"]
[Black "Gukesh, D"]
[Result "1-0"]
[WhiteTitle "GM"]
[BlackTitle "GM"]
[WhiteElo "2727"]
[BlackElo "2758"]
[WhiteFideId "623539"]
[BlackFideId "46616543"]
[EventDate "2023.09.04"]
[EventType "k.o."]

1. e4 c5 2. Nf3 e6 3. b3 a6 4. c4 d5 5. exd5 exd5 6. cxd5 Nf6 7. Nc3 Bd6 8. Be2
O-O 9. O-O Bg4 10. h3 Bxf3 11. Bxf3 Nbd7 12. Bb2 Ne5 13. Ne4 Nxe4 14. Bxe4 Qh4
15. Bc2 Rae8 16. d4 Ng6 17. dxc5 Bxc5 18. Qf3 Qg5 19. Bxg6 fxg6 20. Qc3 Qf6 21.
Qxc5 Qxb2 22. d6 Re2 23. d7 Rd2 24. Rad1 h6 25. Qb4 Rxd1 26. Qxf8+ 1-0

[Event "chess.com SpeedChess 2023"]
[Site "chess.com INT"]
[Date "2023.09.12"]
[Round "1.14"]
[White "Gukesh, D"]
[Black "Vachier-Lagrave, Maxime"]
[Result "1-0"]
[WhiteTitle "GM"]
[BlackTitle "GM"]
[WhiteElo "2758"]
[BlackElo "2727"]
[WhiteFideId "46616543"]
[BlackFideId "623539"]
[EventDate "2023.09.04"]
[EventType "k.o."]

1. d4 Nf6 2. Nc3 d5 3. Bf4 c5 4. e3 cxd4 5. exd4 a6 6. Nf3 Bg4 7. Be2 Nc6 8. O-O
e6 9. Ne5 Bxe2 10. Nxe2 Bd6 11. Ng3 O-O 12. c3 Qc7 13. Re1 Nd7 14. Qe2 Rae8 15.
Nh5 f6 16. Nxd7 Qxd7 17. Qg4 Re7 18. Bxd6 Qxd6 19. Re3 g6 20. Rae1 e5 21. Ng3
Kh8 22. dxe5 fxe5 23. Rd1 Rf4 24. Qg5 Ref7 25. h4 h6 26. Qxh6+ Rh7 27. Qg5 Rfxh4
28. Rf3 Ne7 29. Rf6 Qc7 30. Rf8+ Kg7 31. Qf6+ 1-0

[Event "chess.com SpeedChess 2023"]
[Site "chess.com INT"]
[Date "2023.09.12"]
[Round "1.15"]
[White "Vachier-Lagrave, Maxime"]
[Black "Gukesh, D"]
[Result "1-0"]
[WhiteTitle "GM"]
[BlackTitle "GM"]
[WhiteElo "2727"]
[BlackElo "2758"]
[WhiteFideId "623539"]
[BlackFideId "46616543"]
[EventDate "2023.09.04"]
[EventType "k.o."]

1. e4 c5 2. Nf3 e6 3. d4 cxd4 4. Nxd4 Nc6 5. Bf4 Nf6 6. Nb5 e5 7. Bg5 a6 8. Bxf6
gxf6 9. Nd6+ Bxd6 10. Qxd6 Qe7 11. Qxe7+ Nxe7 12. Nc3 b5 13. O-O-O Bb7 14. f3
Rc8 15. Be2 Rg8 16. g3 f5 17. exf5 Nxf5 18. Rhe1 f6 19. f4 b4 20. Nd5 Bxd5 21.
Rxd5 Ne7 22. Ra5 Nc6 23. Rxa6 Ke7 24. fxe5 Nxe5 25. Rf1 Rc6 26. Rxc6 dxc6 27.
Rf4 c5 28. Rh4 Rg7 29. Bd3 Kd6 30. Bxh7 Nf3 31. Rh6 Ke5 32. Bd3 f5 33. Rh5 Rf7
34. g4 Nd4 35. Bxf5 Kf4 36. c3 Nf3 37. cxb4 cxb4 38. Kc2 Ke3 39. Rh7 Nd4+ 40.
Kd1 Rf8 41. Re7+ Kf3 42. Kd2 Rh8 43. Kd3 Nb5 44. Rb7 Rd8+ 45. Rd7 Re8 46. Kc4 1-0

[Event "chess.com SpeedChess 2023"]
[Site "chess.com INT"]
[Date "2023.09.12"]
[Round "1.16"]
[White "Gukesh, D"]
[Black "Vachier-Lagrave, Maxime"]
[Result "1-0"]
[WhiteTitle "GM"]
[BlackTitle "GM"]
[WhiteElo "2758"]
[BlackElo "2727"]
[WhiteFideId "46616543"]
[BlackFideId "623539"]
[EventDate "2023.09.04"]
[EventType "k.o."]

1. d4 Nf6 2. Bf4 d5 3. e3 c5 4. c3 Nc6 5. Nd2 Bf5 6. Ngf3 e6 7. Bb5 Qb6 8. a4 a6
9. Bxc6+ Qxc6 10. Ne5 Qc8 11. O-O Be7 12. dxc5 Bxc5 13. b4 Be7 14. Rc1 O-O 15.
Nb3 Nd7 16. Nd4 Nxe5 17. Nxf5 Ng6 18. Nxe7+ Nxe7 19. Qe2 Qd7 20. a5 Rac8 21. c4
dxc4 22. Rxc4 Rxc4 23. Qxc4 Rc8 24. Qe2 Nd5 25. Be5 f6 26. Bd4 Nxb4 27. Bxf6 Rc5
28. Qg4 Nc6 29. Rd1 Qf7 30. Ba1 Rxa5 31. h4 h5 32. Qe4 Rd5 33. Rc1 Qf5 34. Qc4
Qg4 35. Qb3 Rd7 36. f3 Qf5 37. e4 Qg6 38. Rc5 Qf7 39. Qc2 Kh7 40. Rg5 g6 41. Kh2
Qf4+ 42. Kh3 e5 43. Bc3 Nd4 44. Qf2 Qc1 45. Bd2 Qc7 46. Qg3 Ne2 47. Qe1 Nf4+ 48.
Bxf4 exf4 49. e5 Rd5 50. Qe4 Qc6 51. Rxh5+ Kg7 52. Rg5 Qe6+ 53. Kh2 Kh6 54. Qxf4
Kh7 55. h5 gxh5 56. Rxh5+ Kg7 57. Rg5+ 1-0

[Event "chess.com SpeedChess 2023"]
[Site "chess.com INT"]
[Date "2023.09.12"]
[Round "1.17"]
[White "Vachier-Lagrave, Maxime"]
[Black "Gukesh, D"]
[Result "1-0"]
[WhiteTitle "GM"]
[BlackTitle "GM"]
[WhiteElo "2727"]
[BlackElo "2758"]
[WhiteFideId "623539"]
[BlackFideId "46616543"]
[EventDate "2023.09.04"]
[EventType "k.o."]

1. e4 c5 2. Nf3 e6 3. d4 cxd4 4. Nxd4 Nc6 5. Bf4 a6 6. Nxc6 bxc6 7. Bd3 Ne7 8.
O-O Ng6 9. Bg3 e5 10. Nd2 h5 11. h3 d6 12. Kh1 Be7 13. Nc4 Be6 14. Ne3 Nf4 15.
Nf5 Bf6 16. Bxf4 exf4 17. c3 c5 18. Bc4 Be5 19. Qa4+ Kf8 20. Rad1 f3 21. Rg1
Bxf5 22. exf5 Qh4 23. Qc6 Ra7 24. Qc8+ Ke7 25. Qxh8 Qxf2 26. Bxf7 Kxf7 27. Qxh5+
Kf6 28. Qxf3 1-0

[Event "chess.com SpeedChess 2023"]
[Site "chess.com INT"]
[Date "2023.09.12"]
[Round "1.18"]
[White "Gukesh, D"]
[Black "Vachier-Lagrave, Maxime"]
[Result "0-1"]
[WhiteTitle "GM"]
[BlackTitle "GM"]
[WhiteElo "2758"]
[BlackElo "2727"]
[WhiteFideId "46616543"]
[BlackFideId "623539"]
[EventDate "2023.09.04"]
[EventType "k.o."]

1. d4 Nf6 2. Bf4 d5 3. e3 c5 4. c3 Nc6 5. Nd2 Bf5 6. Ngf3 Qb6 7. dxc5 Qxb2 8.
Nd4 Ne4 9. Rb1 Qxd2+ 10. Qxd2 Nxd2 11. Rxb7 Nxf1 12. Nxc6 f6 13. Rxf1 e5 14. Bg3
Bd7 15. Nb4 Bxc5 16. Nxd5 Bc6 17. Rc7 Bxd5 18. Rxc5 Bxg2 19. Rg1 Bf3 20. Kd2
Rd8+ 21. Kc1 O-O 22. Re1 Rc8 23. Rxc8 Rxc8 24. Kb2 g5 25. h4 gxh4 26. Bxh4 Kf7
27. e4 Rc4 28. Kb3 Rxe4 29. Rxe4 Bxe4 30. c4 Ke6 31. c5 Bd5+ 32. Kb4 Bxa2 33.
Kb5 Bd5 34. Ka6 f5 35. Kxa7 f4 36. Kb6 Kf5 37. c6 Kg4 38. Bf6 e4 39. Kc5 Be6 40.
Kd4 e3 0-1

[Event "chess.com SpeedChess 2023"]
[Site "chess.com INT"]
[Date "2023.09.12"]
[Round "1.19"]
[White "Vachier-Lagrave, Maxime"]
[Black "Gukesh, D"]
[Result "1-0"]
[WhiteTitle "GM"]
[BlackTitle "GM"]
[WhiteElo "2727"]
[BlackElo "2758"]
[WhiteFideId "623539"]
[BlackFideId "46616543"]
[EventDate "2023.09.04"]
[EventType "k.o."]

1. e4 c5 2. Nf3 e6 3. d4 cxd4 4. Nxd4 Nc6 5. Nc3 Qc7 6. Qd3 Nf6 7. Ndb5 Qb8 8.
Qg3 d6 9. Be3 e5 10. O-O-O Rg8 11. Bg5 a6 12. Bxf6 axb5 13. Bxb5 Rh8 14. Bxg7
Rg8 15. Bxf8 Rxg3 16. Bxd6 Qa7 17. hxg3 Qxf2 18. Rxh7 Bg4 19. Rh8+ Kd7 20. Bc5+ 1-0

[Event "chess.com SpeedChess 2023"]
[Site "chess.com INT"]
[Date "2023.09.12"]
[Round "1.20"]
[White "Gukesh, D"]
[Black "Vachier-Lagrave, Maxime"]
[Result "0-1"]
[WhiteTitle "GM"]
[BlackTitle "GM"]
[WhiteElo "2758"]
[BlackElo "2727"]
[WhiteFideId "46616543"]
[BlackFideId "623539"]
[EventDate "2023.09.04"]
[EventType "k.o."]

1. e4 c6 2. d4 d5 3. exd5 cxd5 4. Bd3 Nc6 5. c3 Nf6 6. h3 g6 7. Nf3 Bg7 8. O-O
O-O 9. Bf4 Bf5 10. Be2 Rc8 11. Nbd2 h6 12. Re1 g5 13. Bg3 e6 14. Bf1 Bg6 15. a4
Ne4 16. Nxe4 dxe4 17. Nd2 f5 18. Bh2 Kh7 19. a5 e5 20. dxe5 Nxe5 21. Nb3 Qe7 22.
Nd4 f4 23. Qa4 e3 24. fxe3 f3 25. gxf3 Nxf3+ 26. Nxf3 Rxf3 27. Qg4 Rcf8 28. Bg2
Rxe3 29. Qg3 Re2 30. Rxe2 Qxe2 31. Qc7 Qxb2 32. Rf1 Rxf1+ 33. Bxf1 Qxc3 34. Qxc3
Bxc3 35. a6 bxa6 36. Bxa6 Be4 0-1

[Event "chess.com SpeedChess 2023"]
[Site "chess.com INT"]
[Date "2023.09.12"]
[Round "1.21"]
[White "Vachier-Lagrave, Maxime"]
[Black "Gukesh, D"]
[Result "1-0"]
[WhiteTitle "GM"]
[BlackTitle "GM"]
[WhiteElo "2727"]
[BlackElo "2758"]
[WhiteFideId "623539"]
[BlackFideId "46616543"]
[EventDate "2023.09.04"]
[EventType "k.o."]

1. d4 Nf6 2. c4 e6 3. Nc3 Bb4 4. e3 d5 5. Bd2 O-O 6. Nf3 b6 7. Rc1 Ba6 8. cxd5
Bxf1 9. Kxf1 exd5 10. Ne2 Bd6 11. g3 c5 12. dxc5 bxc5 13. Kg2 Nbd7 14. Bc3 Qe7
15. Qd3 Rfe8 16. Rhd1 Rac8 17. Bxf6 Nxf6 18. Nc3 c4 19. Qf5 g6 20. Qg5 Rc5 21.
Nxd5 Rxd5 22. Rxd5 h6 23. Qxh6 Nxd5 24. Rd1 Nf6 25. Rd4 Qf8 26. Qxf8+ Bxf8 27.
Rxc4 Rd8 28. Nd4 Rd5 29. b3 a5 30. h3 Bc5 31. Kf3 Kg7 32. h4 Nd7 33. Ke4 Re5+
34. Kd3 Bb6 35. Rc6 a4 36. b4 Rd5 37. f4 Bxd4 38. exd4 Kf8 39. Kc4 Rf5 40. b5
Ke7 41. b6 Ra5 42. b7 a3 43. Rc7 1-0

[Event "chess.com SpeedChess 2023"]
[Site "chess.com INT"]
[Date "2023.09.12"]
[Round "1.22"]
[White "Gukesh, D"]
[Black "Vachier-Lagrave, Maxime"]
[Result "0-1"]
[WhiteTitle "GM"]
[BlackTitle "GM"]
[WhiteElo "2758"]
[BlackElo "2727"]
[WhiteFideId "46616543"]
[BlackFideId "623539"]
[EventDate "2023.09.04"]
[EventType "k.o."]

1. d4 d5 2. c4 e6 3. cxd5 exd5 4. Nf3 Bd6 5. Nc3 c6 6. Qc2 Ne7 7. Bg5 Bf5 8. Qb3
Qb6 9. e3 Qxb3 10. axb3 Nd7 11. Nd2 h6 12. Bh4 a5 13. f3 Be6 14. Bd3 O-O 15. g4
Rfe8 16. Kf2 Bb4 17. Bg3 f5 18. h3 Rf8 19. Kg2 Ng6 20. Rad1 Rae8 21. Ne2 Ne7 22.
Nf4 Kf7 23. Nb1 Nf6 24. Nc3 Bd7 25. Rhf1 g5 26. Nfe2 Nc8 27. Be5 Bd6 28. Bxf6
Kxf6 29. gxf5 Rxe3 30. Rd2 Rfe8 31. Ng3 Bxg3 32. Kxg3 Nd6 33. Nd1 R3e7 34. Nf2
Bxf5 35. Ng4+ Kg7 36. Ne5 Bxd3 37. Rxd3 Nf5+ 38. Kg4 Nxd4 39. f4 gxf4 0-1

[Event "chess.com SpeedChess 2023"]
[Site "chess.com INT"]
[Date "2023.09.12"]
[Round "1.23"]
[White "Vachier-Lagrave, Maxime"]
[Black "Gukesh, D"]
[Result "1-0"]
[WhiteTitle "GM"]
[BlackTitle "GM"]
[WhiteElo "2727"]
[BlackElo "2758"]
[WhiteFideId "623539"]
[BlackFideId "46616543"]
[EventDate "2023.09.04"]
[EventType "k.o."]

1. e4 d5 2. exd5 Nf6 3. d4 Bg4 4. Bb5+ Nbd7 5. f3 Bf5 6. c4 e6 7. dxe6 Bb4+ 8.
Nc3 Qe7 9. Ne2 Bxe6 10. O-O c6 11. d5 cxb5 12. dxe6 Qxe6 13. cxb5 O-O 14. Kh1
Rad8 15. Qa4 Bc5 16. Bg5 h6 17. Bh4 g5 18. Bg3 Bb6 19. Rad1 Nc5 20. Qc2 Nh5 21.
Nd4 Qf6 22. Nf5 Nd3 23. Rxd3 Qxf5 24. Rfd1 Nxg3+ 25. hxg3 g4 26. fxg4 Qxg4 27.
Qe2 Qg6 28. Nd5 Rde8 29. Ne7+ Rxe7 30. Qxe7 1-0

[Event "chess.com SpeedChess 2023"]
[Site "chess.com INT"]
[Date "2023.09.12"]
[Round "1.24"]
[White "Gukesh, D"]
[Black "Vachier-Lagrave, Maxime"]
[Result "1-0"]
[WhiteTitle "GM"]
[BlackTitle "GM"]
[WhiteElo "2758"]
[BlackElo "2727"]
[WhiteFideId "46616543"]
[BlackFideId "623539"]
[EventDate "2023.09.04"]
[EventType "k.o."]

1. d4 Nf6 2. Nc3 d5 3. Bg5 e6 4. e4 dxe4 5. Nxe4 Be7 6. Bxf6 gxf6 7. Nf3 b6 8.
Qd2 Bb7 9. Qe3 Nc6 10. O-O-O f5 11. Nc3 Nb4 12. Bb5+ c6 13. Bc4 b5 14. Bb3 a6
15. Kb1 Nd5 16. Bxd5 cxd5 17. Ne2 Rc8 18. c3 Qd6 19. Nf4 Rf8 20. Rhe1 Kd7 21.
Nd3 Kc7 22. b4 Kb8 23. Nc5 Rc7 24. Kb2 Bc8 25. Ra1 Rc6 26. a4 bxa4 27. Rxa4 Rb6
28. Rea1 f6 29. Qd3 Ka7 30. Nd2 e5 31. Ndb3 e4 32. Qe2 Qc6 33. Ra5 f4 34. b5 1-0

[Event "chess.com SpeedChess 2023"]
[Site "chess.com INT"]
[Date "2023.09.12"]
[Round "1.25"]
[White "Vachier-Lagrave, Maxime"]
[Black "Gukesh, D"]
[Result "1-0"]
[WhiteTitle "GM"]
[BlackTitle "GM"]
[WhiteElo "2727"]
[BlackElo "2758"]
[WhiteFideId "623539"]
[BlackFideId "46616543"]
[EventDate "2023.09.04"]
[EventType "k.o."]

1. e4 Nf6 2. e5 Ng8 3. d4 d6 4. Nf3 Bg4 5. h3 Bh5 6. e6 fxe6 7. Nc3 Nf6 8. Bc4
d5 9. Bd3 Nc6 10. g4 Bf7 11. Bf4 g6 12. Qe2 Bg7 13. O-O-O Nd7 14. Qe3 a6 15. Ne2
Nb4 16. h4 c5 17. c3 Nxa2+ 18. Kb1 Qa5 19. Bc2 c4 20. Ng5 b5 21. Nxe6 Bxe6 22.
Qxe6 b4 23. Qc6 O-O 24. h5 g5 25. h6 Bf6 26. Qe6+ Kh8 27. Qxd7 Nxc3+ 28. bxc3
bxc3 29. Qa4 Qb6+ 30. Bb3 cxb3 31. Nxc3 gxf4 32. Nxd5 Qe6 33. Nxf6 Rxf6 34. Rhe1
Qxg4 35. Qxb3 Rff8 36. Ka1 Rab8 37. Qa3 Qf5 38. Re5 Qc2 39. Rc1 Qd2 40. Qc3 Qxf2
41. d5 Rf6 42. Rxe7 Qb6 43. Qc8+ Rf8 44. Qc3+ Rf6 45. d6 Qxd6 46. Rf7 Rf8 47.
Rxf6 Rxf6 48. Rb1 Kg8 49. Rg1+ Kf7 50. Rg7+ Ke6 51. Qc4+ Kf5 52. Qc2+ Ke5 53.
Rg5+ Ke6 54. Qe4+ Kf7 55. Rg7+ Kf8 56. Qa8+ 1-0

[Event "chess.com SpeedChess 2023"]
[Site "chess.com INT"]
[Date "2023.09.12"]
[Round "1.26"]
[White "Gukesh, D"]
[Black "Vachier-Lagrave, Maxime"]
[Result "1-0"]
[WhiteTitle "GM"]
[BlackTitle "GM"]
[WhiteElo "2758"]
[BlackElo "2727"]
[WhiteFideId "46616543"]
[BlackFideId "623539"]
[EventDate "2023.09.04"]
[EventType "k.o."]

1. d4 Nf6 2. c4 g6 3. f3 Nc6 4. e4 e5 5. d5 Nd4 6. Nc3 c5 7. Be3 d6 8. Qd2 Bg7
9. O-O-O h5 10. h4 Bd7 11. Nh3 a6 12. Ng5 b5 13. Bd3 Qa5 14. Kb1 Rb8 15. Nxb5
Qb6 16. Nc3 O-O 17. Ka1 a5 18. g4 hxg4 19. h5 Nxh5 20. fxg4 Bxg4 21. Rdg1 Bd7
22. Nd1 Nf4 23. Qh2 Rfe8 24. Qh7+ Kf8 25. Nxf7 Nxd3 26. Bxd4 Nf4 27. Rxg6 Nxg6
28. Qxg6 exd4 29. Rf1 1-0

[Event "chess.com SpeedChess 2023"]
[Site "chess.com INT"]
[Date "2023.09.12"]
[Round "1.27"]
[White "Vachier-Lagrave, Maxime"]
[Black "Gukesh, D"]
[Result "1-0"]
[WhiteTitle "GM"]
[BlackTitle "GM"]
[WhiteElo "2727"]
[BlackElo "2758"]
[WhiteFideId "623539"]
[BlackFideId "46616543"]
[EventDate "2023.09.04"]
[EventType "k.o."]

1. d4 Nf6 2. c4 c5 3. d5 e5 4. Nc3 d6 5. h3 h5 6. e4 g6 7. Nf3 Bh6 8. Bxh6 Rxh6
9. Qd2 Rh8 10. O-O-O a6 11. a4 Nbd7 12. b3 Kf8 13. Kb2 Kg7 14. Bd3 h4 15. g3
hxg3 16. fxg3 Nf8 17. h4 Bg4 18. Rdf1 Nh5 19. Rhg1 Nh7 20. Nh2 Bh3 21. Rf2 Qd7
22. Be2 N7f6 23. Qg5 Nh7 24. Qe3 N7f6 25. g4 Nf4 26. Rxf4 exf4 27. Qxh3 b5 28.
cxb5 axb5 29. Bxb5 Qe7 30. g5 Nxe4 31. Re1 Nxg5 32. Rxe7 Nxh3 33. Nf3 1-0

[Event "chess.com SpeedChess 2023"]
[Site "chess.com INT"]
[Date "2023.09.12"]
[Round "1.28"]
[White "Gukesh, D"]
[Black "Vachier-Lagrave, Maxime"]
[Result "0-1"]
[WhiteTitle "GM"]
[BlackTitle "GM"]
[WhiteElo "2758"]
[BlackElo "2727"]
[WhiteFideId "46616543"]
[BlackFideId "623539"]
[EventDate "2023.09.04"]
[EventType "k.o."]

1. e4 c5 2. Be2 g6 3. d4 cxd4 4. Qxd4 Nf6 5. e5 Nc6 6. Qc3 Ne4 7. Qd3 Qa5+ 8.
Nd2 Nc5 9. Qe3 Ne6 10. Nf3 Bg7 11. O-O Nxe5 12. Nxe5 Qxe5 13. Nc4 Qxe3 14. Bxe3
d5 15. Na5 b6 16. Nc6 Bb7 0-1

[Event "chess.com SpeedChess 2023"]
[Site "chess.com INT"]
[Date "2023.09.12"]
[Round "1.29"]
[White "Vachier-Lagrave, Maxime"]
[Black "Gukesh, D"]
[Result "1/2-1/2"]
[WhiteTitle "GM"]
[BlackTitle "GM"]
[WhiteElo "2727"]
[BlackElo "2758"]
[WhiteFideId "623539"]
[BlackFideId "46616543"]
[EventDate "2023.09.04"]
[EventType "k.o."]

1. e4 c5 2. Nf3 Nc6 3. c3 Nf6 4. e5 Nd5 5. Bc4 e6 6. O-O d6 7. d4 cxd4 8. cxd4
Bd7 9. Qe2 dxe5 10. dxe5 Rc8 11. Rd1 Nb6 12. Bd3 Nb4 13. Be4 N4d5 14. Nc3 Rxc3
15. bxc3 Nxc3 16. Qe1 Nxd1 17. Qxd1 Bc6 18. Bxc6+ bxc6 19. Qc2 Qd7 20. Be3 Be7
21. Rc1 Nd5 22. Bd4 Nb4 23. Qc4 O-O 24. h4 c5 25. Be3 Qd5 26. Qg4 Nd3 27. Bh6 g6
28. Bxf8 Kxf8 29. Rb1 Nxe5 30. Nxe5 Qxe5 31. Qc4 Kg7 32. g3 Bf6 33. Kg2 Qf5 34.
Rb3 Bd4 35. Rf3 Qe4 36. Qd3 Qd5 37. Kf1 e5 38. Qd1 e4 39. Ra3 e3 40. fxe3 Qh1+
41. Ke2 Qg2+ 42. Kd3 Be5 43. Rxa7 Qd5+ 44. Ke2 Qg2+ 45. Kd3 c4+ 46. Kxc4 Qc6+
47. Kd3 Qd5+ 48. Ke2 Qg2+ 49. Kd3 Qd5+ 50. Ke2 Qg2+ 51. Kd3 Qd5+ 1/2-1/2

[Event "chess.com SpeedChess 2023"]
[Site "chess.com INT"]
[Date "2023.09.12"]
[Round "1.30"]
[White "Gukesh, D"]
[Black "Vachier-Lagrave, Maxime"]
[Result "1-0"]
[WhiteTitle "GM"]
[BlackTitle "GM"]
[WhiteElo "2758"]
[BlackElo "2727"]
[WhiteFideId "46616543"]
[BlackFideId "623539"]
[EventDate "2023.09.04"]
[EventType "k.o."]

1. d4 d5 2. Nc3 Nf6 3. Bf4 c6 4. e3 Bg4 5. f3 Bh5 6. Qd2 e6 7. O-O-O Nbd7 8. h4
h6 9. g4 Bg6 10. h5 Bh7 11. Bd3 b5 12. e4 Nb6 13. g5 hxg5 14. Bxg5 b4 15. Nce2
dxe4 16. fxe4 Be7 17. h6 Rg8 18. hxg7 Nxe4 19. Bxe7 Qxe7 20. Qe3 Nd5 21. Qh6 Bg6
22. Nf3 Nf2 23. Bxg6 fxg6 24. Ne5 O-O-O 25. Nxc6 Qxg7 26. Qxg7 Rxg7 27. Nxd8
Nxh1 28. Nxe6 Re7 29. N6f4 Nxf4 30. Nxf4 Nf2 31. Nxg6 Re2 32. Rf1 Ng4 33. Nf4
Rh2 34. Nd3 a5 35. Re1 Kc7 36. b3 Kd6 37. Ne5 Nf6 38. Nc4+ Kd5 39. Nxa5 Ne4 40.
Nc6 1-0

[Event "chess.com SpeedChess 2023"]
[Site "chess.com INT"]
[Date "2023.09.13"]
[Round "2.1"]
[White "Firouzja, Alireza"]
[Black "So, Wesley"]
[Result "0-1"]
[WhiteTitle "GM"]
[BlackTitle "GM"]
[WhiteElo "2777"]
[BlackElo "2753"]
[WhiteFideId "12573981"]
[BlackFideId "5202213"]
[EventDate "2023.09.04"]
[EventType "k.o."]

1. e4 c5 2. Nf3 d6 3. d4 cxd4 4. Nxd4 Nf6 5. Nc3 a6 6. Bg5 e6 7. f4 Qb6 8. a3
Nc6 9. Nb3 Be7 10. Qf3 h6 11. Bxf6 Bxf6 12. O-O-O Qc7 13. g4 Bd7 14. h4 g6 15.
Rh3 Bg7 16. Qf2 Rd8 17. Rhd3 Bc8 18. Na4 b5 19. Qb6 Qb7 20. Qxb7 Bxb7 21. Nb6
Ke7 22. e5 d5 23. Nc5 Rb8 24. Nbd7 Rbd8 25. Nf6 Bc8 26. g5 hxg5 27. hxg5 Rh4 28.
Rc3 Rxf4 29. Nxe6 Kxe6 30. Rxc6+ Kxe5 31. Bd3 Rf2 32. Re1+ Kf4 33. Rc7 Kxg5 34.
Nh7+ Kh4 35. Rh1+ Kg3 36. Ng5 Be5 37. Rxf7 Bf4+ 38. Kb1 Bxg5 39. Rg1+ Rg2 40.
Rxg2+ Kxg2 41. Bxg6 Be3 42. Bd3 d4 43. Rg7+ Kf3 44. Rf7+ Kg3 45. Rg7+ Kf4 46.
Ra7 Ke5 47. Ra8 Kd6 48. Bf5 Kc7 49. Bxc8 Rxc8 50. Rxa6 Kb7 51. Re6 Rc6 52. Re7+
Kb6 53. c3 Bf2 54. Rf7 Be3 55. Rf3 Re6 56. cxd4 Bxd4 57. Rb3 Ka5 58. Ka2 Re2 59.
Kb1 Rf2 60. Ka2 Bf6 61. Kb1 Be7 62. Ka2 Ka4 63. Rh3 Bf6 64. Rb3 Rf4 65. Rh3 Rf2
66. Rb3 Bg7 67. Rb4+ Ka5 68. Rb3 Be5 69. Kb1 Bd6 70. Ka2 Kb6 71. Kb1 Kc5 72. Ka2
Kc4 73. Rc3+ Kd4 74. Rb3 Rf5 75. Rh3 Kc4 76. Rc3+ Kd5 77. Rd3+ Kc6 78. Rc3+ Rc5
79. Rb3 Rc4 80. Rh3 Be5 81. Rb3 Bd4 82. Kb1 Kc5 83. Ka2 Rc2 84. Kb1 Re2 85. Ka2
Re1 86. Rb4 Be5 87. Rb3 Bf4 88. Rb4 Bd2 89. Rb3 Re3 90. a4 b4 91. Rxe3 Bxe3 92.
b3 Bd4 93. Kb1 Be5 94. Kc2 Kd4 95. Kd2 Bc7 96. Kc2 Ke3 0-1

[Event "chess.com SpeedChess 2023"]
[Site "chess.com INT"]
[Date "2023.09.13"]
[Round "2.2"]
[White "So, Wesley"]
[Black "Firouzja, Alireza"]
[Result "1/2-1/2"]
[WhiteTitle "GM"]
[BlackTitle "GM"]
[WhiteElo "2753"]
[BlackElo "2777"]
[WhiteFideId "5202213"]
[BlackFideId "12573981"]
[EventDate "2023.09.04"]
[EventType "k.o."]

1. e4 c6 2. d4 d5 3. exd5 cxd5 4. Bd3 Nf6 5. h3 Nc6 6. c3 e5 7. dxe5 Nxe5 8. Qe2
Ne4 9. Bb5+ Bd7 10. Nf3 Ng6 11. O-O Bc5 12. Be3 Bxe3 13. Bxd7+ Qxd7 14. Qxe3 O-O
15. Nbd2 Rfe8 16. Nxe4 dxe4 17. Nd4 f5 18. f4 Ne7 19. Rad1 Nd5 20. Qe2 Rad8 21.
Nc2 Qf7 22. Rd4 Ne7 23. Qb5 Nc6 24. Rxd8 Rxd8 25. Ne3 Rd3 26. Re1 g6 27. Re2 Qd7
28. g4 Ne7 29. Qxd7 Rxd7 30. Kf2 Kf7 31. Rc2 Ke6 32. Ke2 Rd3 33. Rd2 Rxd2+ 34.
Kxd2 Nd5 35. Nxd5 Kxd5 36. g5 b5 37. b3 b4 38. c4+ Kd4 39. Ke2 a5 40. h4 e3 41.
c5 Kxc5 42. Kxe3 Kd5 43. Kd3 Kc5 44. Ke3 Kd5 45. Kd3 Kc5 46. Ke3 1/2-1/2

[Event "chess.com SpeedChess 2023"]
[Site "chess.com INT"]
[Date "2023.09.13"]
[Round "2.3"]
[White "Firouzja, Alireza"]
[Black "So, Wesley"]
[Result "0-1"]
[WhiteTitle "GM"]
[BlackTitle "GM"]
[WhiteElo "2777"]
[BlackElo "2753"]
[WhiteFideId "12573981"]
[BlackFideId "5202213"]
[EventDate "2023.09.04"]
[EventType "k.o."]

1. e4 e5 2. Nf3 Nc6 3. Bc4 Nf6 4. d3 Be7 5. O-O O-O 6. a3 d6 7. Nc3 Be6 8. Nd5
h6 9. Re1 Re8 10. b4 Bf8 11. Nxf6+ Qxf6 12. Bxe6 Qxe6 13. c4 g6 14. Be3 Bg7 15.
b5 Ne7 16. Rc1 f5 17. a4 Kh7 18. a5 a6 19. Bd2 Rf8 20. bxa6 bxa6 21. c5 d5 22.
c6 fxe4 23. dxe4 d4 24. Bb4 Rab8 25. Bxe7 Qxe7 26. Qd3 Rb5 27. Rb1 Rxa5 28. Rb7
Ra3 29. Rxc7 Qxc7 30. Qxa3 Qxc6 31. Nxe5 Qc3 32. Qxc3 dxc3 33. Nf3 c2 34. e5 Rd8
35. e6 Bf6 0-1

[Event "chess.com SpeedChess 2023"]
[Site "chess.com INT"]
[Date "2023.09.13"]
[Round "2.4"]
[White "So, Wesley"]
[Black "Firouzja, Alireza"]
[Result "1-0"]
[WhiteTitle "GM"]
[BlackTitle "GM"]
[WhiteElo "2753"]
[BlackElo "2777"]
[WhiteFideId "5202213"]
[BlackFideId "12573981"]
[EventDate "2023.09.04"]
[EventType "k.o."]

1. d4 Nf6 2. Nf3 g6 3. c4 Bg7 4. Nc3 O-O 5. e4 d6 6. Be2 e5 7. Be3 exd4 8. Nxd4
Re8 9. f3 c6 10. Bf2 d5 11. exd5 cxd5 12. O-O Nc6 13. c5 Nh5 14. g3 Bh3 15. Re1
Qg5 16. Ndb5 Be5 17. Kh1 Rad8 18. Rg1 Bg7 19. Nd6 Re6 20. f4 Qf6 21. Bxh5 gxh5
22. Qxh5 Qh6 23. Qxf7+ Kh8 24. Qxb7 Rf8 25. Qxc6 Bxc3 26. bxc3 Qh5 27. g4 1-0